General Knowledge Quiz #154 - Statistics

General Stats
  • This quiz has been taken 79,575 times
    56,115 since last reset
  • The average score is 10 of 20
Answer Stats
Question Answer % Correct
What is the most populous city in Scotland? Glasgow
79%
What rock band's logo is a mouth with a tongue sticking out? The Rolling Stones
79%
What is the antonym of the word antonym? Synonym
73%
What anime series features Ash Ketchum? Pokémon
69%
In what modern-day country would you find the ruins of the city of Troy? Turkey
68%
What is a word that can mean either "ghost" or "liquor"? Spirit
67%
What French phrase, meaning "already seen" is commonly used in English? Déjà vu
54%
Prior to the Euro, what was the currency of Germany? Deutsche Mark
53%
What literary device involves starting nearby words with the same sound? Alliteration
52%
What fairy tale character said the sky was falling? Chicken Little
52%
What country, technically speaking, is home to more tigers than any other? United States
50%
What former basketball player's first name is also the name of a city in Japan? Kobe Bryant
45%
What character from "Arabian Nights" sailed the seven seas? Sinbad
39%
What does the C stand for in an LCD television? Crystal
35%
What does "in vino veritas" mean in English? In wine, truth
33%
What country was ruled by a junta 1988–2011, and has been again since February 2021? Myanmar
31%
What has a band, a bezel, hands, and a crown? a Watch
30%
What poisonous gas, used in WWI, has a pale green color? Chlorine
29%
What medical condition is sometimes treated with bariatric surgery? Obesity
28%
What fictional super-spy suffers from amnesia? Jason Bourne
22%
No matching quizzes found
Score Distribution
Percent of People with Each Score
Percentile by Number Answered
Your Score History
You have not taken this quiz since the last reset